[Event "Irkutsk-ch"]
[Site "Irkutsk"]
[Date "2016.12.18"]
[Round "3"]
[White "Kyshtymov, Daniil"]
[Black "Goryachkin, Alexander"]
[Result "0-1"]
[WhiteElo "2028"]
[BlackElo "2094"]
[PlyCount "86"]
[EventDate "2016.12.16"]
[EventType "tourn"]
[EventRounds "9"]
[EventCountry "RUS"]
[SourceTitle "CBM 176 Extra"]
[Source "ChessBase"]
[SourceDate "2017.03.02"]
[SourceVersion "1"]
[SourceVersionDate "2017.03.02"]
[SourceQuality "1"]

1. e4 c6 2. Nc3 d5 3. Nf3 g6 4. exd5 cxd5 5. d4 Nf6 6. Bf4 Bd7 7. Be5 e6 8. Nb5 Bxb5 9. Bxb5+ Nc6 10. Bxf6 Qxf6 11. c3 Bd6 12. Qa4 Kd7 13. 0-0 Rhc8 14. Rfe1 Ke8 15. Ne5 Bxe5 16. dxe5 Qe7 17. Qf4 Kf8 18. Re3 Kg8 19. Rh3 Qf8 20. Re1 Qg7 21. Ree3 Rf8 22. Bxc6 bxc6 23. Rh6 Rab8 24. Reh3 Rxb2 25. g4 Re2 26. Rxh7 Qxh7 27. Rxh7 Kxh7 28. h4 Rxa2 29. Qf6 Ra4 30. f3 Ra2 31. h5 gxh5 32. gxh5 Rg8+ 33. Kf1 Rg7 34. h6 Rg6 35. Qxf7+ Kxh6 36. Qf8+ Kh5 37. Qh8+ Kg5 38. Qh7 Rh6 39. f4+ Kh5 40. Qg7 Rg6 41. Qh7+ Rh6 42. Qf7+ Kg4 43. Qg7+ Kf3 0-1

[Event "Irkutsk Baykal op"]
[Site "Irkutsk"]
[Date "2016.07.08"]
[Round "8"]
[White "Prokhorov, Yury"]
[Black "Goryachkin, Alexander"]
[Result "1/2-1/2"]
[WhiteElo "1756"]
[BlackElo "2100"]
[PlyCount "170"]
[EventDate "2016.07.02"]
[EventType "swiss"]
[EventRounds "9"]
[EventCountry "RUS"]
[SourceTitle "EXT 2019"]
[Source "ChessBase"]
[SourceDate "2018.10.10"]
[SourceVersion "1"]
[SourceVersionDate "2018.10.10"]
[SourceQuality "1"]

1. d4 Nf6 2. c4 g6 3. Nc3 Bg7 4. e4 d6 5. h3 0-0 6. Nf3 c5 7. Be3 cxd4 8. Bxd4 Nc6 9. Be3 Be6 10. Rc1 Rc8 11. Be2 Qa5 12. 0-0 h6 13. Qd2 Rfe8 14. a3 Nd7 15. Bxh6 Nce5 16. Bxg7 Kxg7 17. Nxe5 Nxe5 18. Qd4 Qc5 19. Qxc5 Rxc5 20. b3 Rec8 21. f4 Nd7 22. Nd5 Bxd5 23. exd5 b5 24. Rb1 bxc4 25. bxc4 Nb6 26. Rfe1 Ra5 27. Rb3 Rc7 28. g3 Ra4 29. Re3 Kf8 30. Kf2 Nxc4 31. Bxc4 Raxc4 32. Rd1 Rc2+ 33. Kf3 Rh2 34. Kg4 f5+ 35. Kh4 Kf7 36. Re6 Rc8 37. g4 Rg2 38. Kg5 fxg4 39. hxg4 Rh8 40. Rxg6 Rxg4+ 41. Kxg4 Kxg6 42. Rc1 Rb8 43. Rc7 Kf6 44. Rxa7 Rb5 45. a4 Rxd5 46. a5 Rd4 47. Kf3 Ra4 48. a6 e5 49. fxe5+ Kxe5 50. Ke3 Ra3+ 51. Kd2 Kd4 52. Kc2 d5 53. Ra8 Rc3+ 54. Kd2 Rf3 55. Rb8 Ra3 56. Rb6 Ra2+ 57. Kc1 Ke3 58. Re6+ Kd3 59. Rh6 d4 60. Kb1 Ra5 61. Kb2 Rb5+ 62. Kc1 Ra5 63. Kb2 Kc4 64. Rc6+ Kb4 65. Kc2 Kb5 66. Rd6 Kc4 67. Rc6+ Kd5 68. Rh6 Rc5+ 69. Kb3 Rc3+ 70. Kb2 Rc7 71. Rb6 Ke4 72. Rb7 Rc6 73. Re7+ Kd3 74. a7 Ra6 75. Rh7 Kc4 76. Rc7+ Kd5 77. Rh7 Kc5 78. Kc2 Ra2+ 79. Kb3 Ra1 80. Rh5+ Kb6 81. Rh7 d3 82. Kc3 Ra3+ 83. Kd2 Kc5 84. a8Q Rxa8 85. Kxd3 Ra3+ 1/2-1/2

[Event "Irkutsk Spring"]
[Site "Irkutsk"]
[Date "2016.04.30"]
[Round "9"]
[White "Goryachkin, Alexander"]
[Black "Mokhovikov, Alexandr"]
[Result "1-0"]
[WhiteElo "2154"]
[BlackElo "1697"]
[PlyCount "132"]
[EventDate "2016.04.09"]
[EventType "swiss"]
[EventRounds "9"]
[EventCountry "RUS"]
[SourceTitle "EXT 2022"]
[Source "ChessBase"]
[SourceDate "2021.10.06"]
[SourceVersion "1"]
[SourceVersionDate "2021.10.06"]
[SourceQuality "1"]

1. e4 c5 2. Nf3 e6 3. d4 cxd4 4. Nxd4 a6 5. Bd3 Qc7 6. Qe2 d6 7. c4 Nf6 8. Nc3 Nc6 9. Be3 Be7 10. f4 Nxd4 11. Bxd4 e5 12. Be3 Bg4 13. Qf2 Be6 14. Bb6 Qc6 15. Nd5 Ng4 16. Qg1 Bxd5 17. exd5 Qa4 18. Kd2 Qb4+ 19. Kc2 e4 20. Be2 Bf6 21. Bd4 e3 22. Qe1 Qxe1 23. Rhxe1 Bxd4 24. Bxg4 0-0 25. Rad1 Ba7 26. Kd3 f5 27. Bf3 Rfe8 28. g4 Rf8 29. Rf1 Rae8 30. Rde1 Kh8 31. gxf5 Rxf5 32. Bg4 Rf6 33. Rf3 g6 34. Be6 Ref8 35. Ref1 a5 36. b3 Bc5 37. Ke4 Kg7 38. h4 h5 39. Re1 Kh6 40. Rexe3 Bxe3 41. Kxe3 b6 42. Ke4 Kg7 43. a3 Ra8 44. Rg3 Kh6 45. Rg1 Raf8 46. Rf1 Ra8 47. Bd7 Raf8 48. Bc6 R8f7 49. b4 Re7+ 50. Kd3 axb4 51. axb4 Rf8 52. c5 bxc5 53. bxc5 Rf6 54. cxd6 Rxd6 55. Kd4 Rf7 56. Ke5 Rff6 57. Bb7 Kg7 58. Bc8 Rb6 59. Be6 Rb5 60. Rc1 Rf8 61. Rc7+ Kh6 62. Bf7 Rb2 63. d6 Rd2 64. Ke6 Re2+ 65. Kf6 Rb8 66. Bxg6 Rb6 1-0

[Event "Irkutsk Spring"]
[Site "Irkutsk"]
[Date "2016.04.10"]
[Round "2"]
[White "Goryachkin, Alexander"]
[Black "Demin, Petr"]
[Result "1/2-1/2"]
[WhiteElo "2154"]
[BlackElo "1826"]
[PlyCount "47"]
[EventDate "2016.04.09"]
[EventType "swiss"]
[EventRounds "9"]
[EventCountry "RUS"]
[SourceTitle "EXT 2022"]
[Source "ChessBase"]
[SourceDate "2021.10.06"]
[SourceVersion "1"]
[SourceVersionDate "2021.10.06"]
[SourceQuality "1"]

1. e4 e6 2. d4 d5 3. Nc3 dxe4 4. Nxe4 Bd7 5. Nf3 Bc6 6. Bd3 Nd7 7. Bf4 Ngf6 8. Nxf6+ Nxf6 9. Qe2 Bxf3 10. Qxf3 c6 11. 0-0-0 Qd5 12. Qxd5 Nxd5 13. Bg3 0-0-0 14. a3 Bd6 15. c4 Bxg3 16. hxg3 Nf6 17. Rh4 h5 18. Be2 g5 19. Rh2 g4 20. f3 Rhg8 21. fxg4 Nxg4 22. Rxh5 Ne3 23. Rd2 Nf5 24. d5 1/2-1/2

[Event "Irkutsk-ch op"]
[Site "Irkutsk"]
[Date "2016.02.22"]
[Round "4"]
[White "Goryachkin, Alexander"]
[Black "Bychkov, Vladimir"]
[Result "1/2-1/2"]
[WhiteElo "2112"]
[BlackElo "2154"]
[PlyCount "106"]
[EventDate "2016.02.13"]
[EventType "swiss"]
[EventRounds "9"]
[EventCountry "RUS"]
[SourceTitle "EXT 2018"]
[Source "ChessBase"]
[SourceDate "2017.10.13"]
[SourceVersion "1"]
[SourceVersionDate "2017.10.13"]
[SourceQuality "1"]

1. d4 Nf6 2. c4 g6 3. Nc3 Bg7 4. e4 d6 5. Be2 0-0 6. Be3 Na6 7. Nf3 e5 8. d5 Ng4 9. Bg5 f6 10. Bc1 f5 11. Ng5 Nf6 12. Bf3 Nc5 13. b4 Ncxe4 14. Ngxe4 fxe4 15. Nxe4 Nxe4 16. Bxe4 Qh4 17. Qe2 Bg4 18. Qc2 Bf5 19. Bxf5 Rxf5 20. 0-0 Raf8 21. Rb1 g5 22. Rb3 g4 23. h3 h5 24. Qe2 R8f6 25. c5 a6 26. Rc3 Bf8 27. Rc4 Rg6 28. Be3 Rf7 29. f3 Rfg7 30. fxg4 hxg4 31. Rf5 Be7 32. Bf2 Qh6 33. hxg4 Rh7 34. Rh5 Qg7 35. Qe4 Rgh6 36. Qf5 Qf7 37. Qxf7+ Kxf7 38. Rxh6 Rxh6 39. Be3 Rg6 40. Kf2 Bh4+ 41. Ke2 Be7 42. a3 Rg8 43. Kf3 Rh8 44. c6 b5 45. Rc1 Bf6 46. g5 Bg7 47. Kg4 Kg6 48. a4 e4 49. Rc2 Rb8 50. a5 Re8 51. Rc1 Bb2 52. Rh1 Bg7 53. Bb6 Re7 1/2-1/2

[Event "Irkutsk Region-ch"]
[Site "Irkutsk"]
[Date "2014.10.26"]
[Round "9"]
[White "Goryachkin, Alexander"]
[Black "Rozhnev, Gennady"]
[Result "1/2-1/2"]
[WhiteElo "2114"]
[BlackElo "2109"]
[PlyCount "166"]
[EventDate "2014.10.18"]
[EventType "tourn"]
[EventRounds "11"]
[EventCountry "RUS"]
[SourceTitle "CBM 163 Extra"]
[Source "ChessBase"]
[SourceDate "2014.12.23"]
[SourceVersion "1"]
[SourceVersionDate "2014.12.23"]
[SourceQuality "1"]

1. e4 c5 2. Nf3 d6 3. d4 cxd4 4. Nxd4 Nf6 5. Nc3 Nc6 6. Be3 Ng4 7. Nxc6 bxc6 8. Bc1 Qb6 9. Qd2 g6 10. h3 Bh6 11. f4 Ne5 12. Qf2 Qxf2+ 13. Kxf2 Nd7 14. Be3 Bg7 15. Na4 0-0 16. Rd1 f5 17. exf5 Rxf5 18. Bc4+ d5 19. g4 Rf7 20. Bb3 Bb7 21. Kg3 e5 22. Rhf1 Raf8 23. Bxa7 exf4+ 24. Kf2 Ba6 25. Rfe1 f3 26. Bd4 Be2 27. Bxg7 Kxg7 28. Rd4 Nf6 29. Nc3 c5 30. Rxd5 c4 31. Bxc4 Bxc4 32. Rd4 Rc7 33. Re3 Be2 34. a4 Rb8 35. b3 Ba6 36. Rxf3 Bb7 37. Rfd3 Rxc3 38. Rxc3 Ne4+ 39. Rxe4 Bxe4 40. Rc4 Bd5 41. Rd4 Bxb3 42. cxb3 Rxb3 43. h4 Kf6 44. Re4 Ra3 45. Ke2 h5 46. gxh5 gxh5 47. Kd2 Kf5 48. Rb4 Ke5 49. Kc2 Kd5 50. Kb2 Rh3 51. Rb5+ Kc4 52. Rxh5 Rh2+ 53. Kc1 Kc3 54. Kd1 Kd3 55. Ke1 Ke3 56. Re5+ Kd4 57. Rb5 Ke3 58. Rb3+ Kd4 59. Rb4+ Ke3 60. Kf1 Kf3 61. Rb3+ Kg4 62. Ke1 Kf4 63. Kd1 Ke4 64. Kc1 Kd4 65. Rb8 Kc3 66. Rc8+ Kb3 67. Rh8 Kc3 68. Kd1 Kd3 69. Ke1 Ke3 70. Kf1 Kf3 71. Rf8+ Ke3 72. a5 Rxh4 73. a6 Ra4 74. Ra8 Kf3 75. Ke1 Ke3 76. Kd1 Kd3 77. Kc1 Kc3 78. Kb1 Kb3 79. Rb8+ Kc4 80. Ra8 Kb5 81. a7 Kb6 82. Kb2 Rxa7 83. Rxa7 Kxa7 1/2-1/2

[Event "Irkutsk Region-ch"]
[Site "Irkutsk"]
[Date "2014.10.25"]
[Round "8"]
[White "Bahturin, Konstantin"]
[Black "Goryachkin, Alexander"]
[Result "1/2-1/2"]
[WhiteElo "2165"]
[BlackElo "2114"]
[PlyCount "72"]
[EventDate "2014.10.18"]
[EventType "tourn"]
[EventRounds "11"]
[EventCountry "RUS"]
[SourceTitle "CBM 163 Extra"]
[Source "ChessBase"]
[SourceDate "2014.12.23"]
[SourceVersion "1"]
[SourceVersionDate "2014.12.23"]
[SourceQuality "1"]

1. d4 Nf6 2. c4 g6 3. Nc3 Bg7 4. e4 d6 5. f3 0-0 6. Nge2 Nc6 7. Be3 a6 8. Qd2 Rb8 9. Nc1 e5 10. d5 Nd4 11. N1e2 c5 12. dxc6 Nxe2 13. Bxe2 bxc6 14. Rd1 Qa5 15. 0-0 Rd8 16. b3 Be6 17. Nd5 Qxd2 18. Nxf6+ Bxf6 19. Rxd2 a5 20. Rfd1 Be7 21. Rc2 c5 22. Rb2 Rb7 23. Rdb1 Rdb8 24. Bd2 Bd8 25. a4 Kg7 26. Bd3 h6 27. Kf2 f5 28. Bc3 Rf7 29. Rd1 Bc7 30. Ke3 Kf6 31. g3 Ke7 32. Ke2 f4 33. g4 Kd7 34. h4 Bd8 35. Rh1 Kc6 36. Kd2 Rfb7 1/2-1/2

[Event "Irkutsk Region-ch"]
[Site "Irkutsk"]
[Date "2014.10.23"]
[Round "6"]
[White "Siuniakov, Igor"]
[Black "Goryachkin, Alexander"]
[Result "1-0"]
[WhiteElo "2283"]
[BlackElo "2114"]
[PlyCount "33"]
[EventDate "2014.10.18"]
[EventType "tourn"]
[EventRounds "11"]
[EventCountry "RUS"]
[SourceTitle "CBM 163 Extra"]
[Source "ChessBase"]
[SourceDate "2014.12.23"]
[SourceVersion "1"]
[SourceVersionDate "2014.12.23"]
[SourceQuality "1"]

1. c4 e5 2. d3 Nf6 3. Nf3 Nc6 4. a3 a5 5. b3 d5 6. cxd5 Qxd5 7. Nc3 Qd8 8. e3 Bc5 9. Be2 0-0 10. 0-0 Ba7 11. b4 axb4 12. axb4 Re8 13. b5 Nb4 14. b6 cxb6 15. Nb5 Nc6 16. Bb2 Qd5 17. Nc7 1-0

[Event "Irkutsk-ch"]
[Site "Irkutsk"]
[Date "2014.02.09"]
[Round "3"]
[White "Goriachkin, Viktor"]
[Black "Goryachkin, Alexander"]
[Result "0-1"]
[WhiteElo "1971"]
[BlackElo "2088"]
[PlyCount "70"]
[EventDate "2014.02.02"]
[EventType "swiss"]
[EventRounds "9"]
[EventCountry "RUS"]
[SourceTitle "CBM 159 Extra"]
[Source "ChessBase"]
[SourceDate "2014.04.24"]
[SourceVersion "1"]
[SourceVersionDate "2014.04.24"]
[SourceQuality "1"]

1. e4 c6 2. d4 d5 3. e5 c5 4. dxc5 Nc6 5. Nf3 Bg4 6. Bb5 e6 7. b4 Nge7 8. 0-0 a5 9. c3 Ng6 10. Re1 Be7 11. h3 Bxf3 12. Qxf3 0-0 13. Bxc6 bxc6 14. a3 f6 15. exf6 Bxf6 16. Qg4 axb4 17. Bb2 bxa3 18. Qxe6+ Kh8 19. Rxa3 Rb8 20. Ba1 Nf4 21. Qxc6 Bh4 22. g3 Nxh3+ 23. Kg2 Nxf2 24. c4 dxc4 25. Rf1 Bf6 26. Rxf2 Bxa1 27. Rxf8+ Qxf8 28. Rf3 Bf6 29. Nc3 Rc8 30. Qd6 Rd8 31. Qxf8+ Rxf8 32. Rf4 Rd8 33. Rxc4 Rd2+ 34. Kf3 Rc2 35. Ke4 Rxc3 0-1

[Event "Irkutsk-ch otbor"]
[Site "Irkutsk"]
[Date "2013.11.24"]
[Round "3"]
[White "Kopylov, Oleg"]
[Black "Goryachkin, Alexander"]
[Result "0-1"]
[WhiteElo "1951"]
[BlackElo "2069"]
[PlyCount "32"]
[EventDate "2013.11.17"]
[EventType "swiss"]
[EventRounds "9"]
[EventCountry "RUS"]
[SourceTitle "EXT 2016"]
[Source "ChessBase"]
[SourceDate "2015.10.08"]
[SourceVersion "1"]
[SourceVersionDate "2015.10.08"]
[SourceQuality "1"]

1. d4 Nf6 2. c4 g6 3. Nc3 d6 4. e4 Bg7 5. Nf3 0-0 6. Be2 e5 7. 0-0 Nc6 8. d5 Ne7 9. b4 a5 10. Ba3 Nh5 11. g3 f5 12. Ng5 Nf6 13. Bf3 h6 14. Ne6 Bxe6 15. dxe6 axb4 16. Bxb4 c5 0-1

[Event "Irkutsk Ermolaev Memorial 5th"]
[Site "Irkutsk"]
[Date "2011.08.08"]
[Round "3"]
[White "Trapeznikova, Darya"]
[Black "Goryachkin, Alexander"]
[Result "1-0"]
[WhiteElo "1991"]
[BlackElo "2076"]
[PlyCount "85"]
[EventDate "2011.08.06"]
[EventType "swiss"]
[EventRounds "9"]
[EventCountry "RUS"]
[SourceTitle "CBM 144 Extra"]
[Source "ChessBase"]
[SourceDate "2011.10.28"]
[SourceVersion "1"]
[SourceVersionDate "2011.10.28"]
[SourceQuality "1"]

1. Nf3 Nf6 2. c4 g6 3. Nc3 Bg7 4. e4 d6 5. d4 0-0 6. Be2 e5 7. 0-0 Nc6 8. d5 Ne7 9. Ne1 Nd7 10. Nd3 f5 11. Bd2 Kh8 12. Qc2 Ng8 13. b4 Ndf6 14. f3 f4 15. Rfc1 g5 16. Nf2 h5 17. h3 Rf7 18. c5 Bf8 19. cxd6 cxd6 20. Nb5 Ne8 21. a4 Rg7 22. Ra3 Nh6 23. Nxa7 Bd7 24. Nb5 g4 25. hxg4 hxg4 26. fxg4 Nxg4 27. Nxg4 Bxg4 28. Bxg4 Rxg4 29. Be1 Qg5 30. Rh3+ Kg8 31. Nc3 Nf6 32. Ra1 Rc8 33. Qe2 Nh5 34. Qf3 Rc7 35. a5 Rh7 36. b5 Ng3 37. Rxh7 Kxh7 38. a6 bxa6 39. bxa6 Qh4 40. Bxg3 Rxg3 41. Qf2 f3 42. a7 Qh3 43. Qxf3 1-0

[Event "Irkutsk Veda op"]
[Site "Irkutsk"]
[Date "2010.08.23"]
[Round "9"]
[White "Grudinin, Evgeny"]
[Black "Goryachkin, Alexander"]
[Result "1/2-1/2"]
[WhiteElo "2142"]
[BlackElo "2115"]
[PlyCount "71"]
[EventDate "2010.08.15"]
[EventType "swiss"]
[EventRounds "9"]
[EventCountry "RUS"]
[SourceTitle "CBM 138 Extra"]
[Source "ChessBase"]
[SourceDate "2010.10.29"]
[SourceVersion "1"]
[SourceVersionDate "2010.10.29"]
[SourceQuality "1"]

1. g3 d5 2. Bg2 Nf6 3. Nf3 Bg4 4. c4 c6 5. cxd5 Nxd5 6. Nc3 e6 7. 0-0 Be7 8. Qa4 Bh5 9. d4 Nd7 10. e4 N7b6 11. Qb3 Nf6 12. Be3 0-0 13. h3 Nfd7 14. Rac1 Kh8 15. Nd2 h6 16. Rfe1 e5 17. d5 cxd5 18. Nxd5 Nxd5 19. exd5 Nb6 20. a4 Qd7 21. Bxb6 axb6 22. Rxe5 Bg6 23. Nc4 Bc5 24. Nxb6 Bxb6 25. Qxb6 Rxa4 26. Rc7 Ra1+ 27. Kh2 Qa4 28. d6 Qd1 29. f4 Rd8 30. f5 Bxf5 31. Rxf5 Rxd6 32. Qc5 Rd2 33. g4 Qe2 34. Qf8+ Kh7 35. Qxg7+ Kxg7 36. Rcxf7+ 1/2-1/2

[Event "Sibiria Region-ch"]
[Site "Irkutsk"]
[Date "2010.05.22"]
[Round "9"]
[White "Nuki, Nikita"]
[Black "Goryachkin, Alexander"]
[Result "1-0"]
[WhiteElo "1812"]
[BlackElo "2124"]
[PlyCount "107"]
[EventDate "2010.05.15"]
[EventType "swiss"]
[EventRounds "9"]
[EventCountry "RUS"]
[SourceTitle "CBM 136 Extra"]
[Source "ChessBase"]
[SourceDate "2010.07.02"]
[SourceVersion "2"]
[SourceVersionDate "2010.07.15"]
[SourceQuality "1"]

1. e4 d5 2. exd5 Nf6 3. Nc3 Nxd5 4. Nxd5 Qxd5 5. Nf3 g6 6. Be2 Bg7 7. 0-0 0-0 8. d4 Bg4 9. c3 Nc6 10. h3 Bf5 11. Bf4 Rac8 12. Re1 Rfd8 13. Qb3 Be4 14. Bc4 Qf5 15. Bxf7+ Kh8 16. Be6 Qxf4 17. Rxe4 Qxe4 18. Ng5 Na5 19. Qb5 Rd5 20. Bxd5 c6 21. Nf7+ Kg8 22. Nd6+ Qxd5 23. Qxd5+ cxd5 24. Nxc8 Nc6 25. b4 e5 26. b5 Na5 27. dxe5 Bxe5 28. Ne7+ Kf7 29. Nxd5 Ke6 30. f4 Kxd5 31. fxe5 Kxe5 32. Rd1 Ke6 33. Rd4 b6 34. Kf2 Nb7 35. Ke3 Nd6 36. Rxd6+ Kxd6 37. Kd4 Ke6 38. c4 Kd6 39. a4 h6 40. g3 h5 41. h4 Ke6 42. c5 bxc5+ 43. Kxc5 Kf5 44. a5 Kg4 45. b6 axb6+ 46. axb6 Kxg3 47. b7 Kxh4 48. b8Q g5 49. Qh2+ Kg4 50. Kd4 h4 51. Ke4 h3 52. Ke3 Kh4 53. Kf3 g4+ 54. Kf4 1-0

[Event "Sibiria Region-ch"]
[Site "Irkutsk"]
[Date "2010.05.17"]
[Round "4"]
[White "Goryachkin, Alexander"]
[Black "Rykov, Ivan"]
[Result "1/2-1/2"]
[WhiteElo "2124"]
[BlackElo "2268"]
[PlyCount "51"]
[EventDate "2010.05.15"]
[EventType "swiss"]
[EventRounds "9"]
[EventCountry "RUS"]
[SourceTitle "CBM 136 Extra"]
[Source "ChessBase"]
[SourceDate "2010.07.02"]
[SourceVersion "2"]
[SourceVersionDate "2010.07.15"]
[SourceQuality "1"]

1. e4 c5 2. Nf3 d6 3. d4 cxd4 4. Nxd4 Nf6 5. f3 g6 6. Nc3 Bg7 7. Be3 0-0 8. Bc4 Nc6 9. Qd2 Bd7 10. 0-0-0 Rc8 11. Bb3 Ne5 12. Kb1 Nc4 13. Bxc4 Rxc4 14. g4 Qc7 15. h4 Rc8 16. Nde2 b5 17. e5 b4 18. exf6 bxc3 19. Nxc3 Qb7 20. Nd5 Bxf6 21. Nxf6+ exf6 22. Qxd6 Qxf3 23. Bh6 R4c7 24. Rhf1 Qc6 25. Qxc6 Bxc6 26. Rd4 1/2-1/2